000 00322 a2200157 4500
001 59244
020 _a
040 _cAnchieta - Pituba
100 _aVidal, Bernard
240 1 0 _aHistória da química
_lpor
245 1 0 _aHistória da química
300 _a106
362 0 _a1986
650 4 _aQuímica
942 _cBK
999 _c59244
_d59244